00325nam a2200133Ia 4500008004100000041000800041082001400049100001700063245003900080250001400119260003500133300001600168365000700184240624s9999 xx 000 0 und d aeng a657.3 FRA aFRASER LYN M aUNDERSTANDING FINANCIAL STATEMENTS a(6th ed.) c2003aNew DelhibPrentice-Hall axvii, : 267 cRS